01099nas a2200277Ia 4500001002800000003001000028008004100038040002500079041001300104100001800117210003600135222003600171245006500207250001100272260000900283501012300292300001200415362002900427500007500456650002400531700001900555942000700574957000600581999003300587952020100620A04/R035-27767 [r000021206]IT-MiCISF161014c99999999xx |||||||||||| ||und|| aIT-MiCISFcIT-MiCISF aITALIANO aBenassi David aProspettive sociali e sanitarie aProspettive sociali e sanitarie 0aPovertà esclusione sociale e riforma del welfare in Italia a1a ed. c1998 bCISF - Centro Internazionale Studi Famiglia - Via Giotto, 36 20145 MILANO (non commercial uses only)cCopyright 2016 app. 1-6 an. 17, 10 ottobre [1998] a Tema: società, stratificazione-sociale, welfare, assistenza-sociale asocietàvarticolo a Mingione Enzo cCR 71 a27767bSig1c230415d230415 0010406A_04_000000000000000_R03527767_R00002120671aCISFbCISFd2016-10-14l0oA04/R035-27767 [r000021206]r2016-10-14 00:00:00w2016-10-14yCRzData import 15.10.2016 / by Epidotti, Vaglietti